000 00655nam a2200241 i 4500
001 C2-0126172
003 PPAK
005 20180727115401.0
008 970911s1987 nyua|||| ||||| | eng d
020 _a0689504225
040 _aPPAK
_beng
_cPPAK
_erda
082 0 4 _a823
_223
090 0 0 _a823
_bWHA
_dK
245 0 0 _aWhat a morning !
250 _aLangstaff, John
264 1 _aNew York :
_bMargaret K. McEldry Books ,
_c1987
300 _a[24] pages :
_bcolour illustrations ;
_c26 cm
336 _2rdacontent
_atext
337 _2rdamedia
_aunmediated
338 _2rdacarrier
_avolume
650 1 0 _aChildren's stories, English
942 _ddc
_cB
999 _c37180
_d37180